000 00319nam a2200133Ia 4500
008 190216s9999||||xx |||||||||||||| ||und||
100 _aA.Vinod
245 0 _aInter National Finance
250 _a1st Ed.
260 _bCalicut University Central Co-Operative
_c2006
300 _a286
650 _aCommerce
942 _cBK
999 _c8162
_d8162